| 000 | 01922nas1a22003491i 4500 | ||
|---|---|---|---|
| 001 | RU\NLR\BIBL_A\012477432 | ||
| 005 | 20260407092610.0 | ||
| 011 | 0 | _a2658-7815 | |
| 035 | _a(NLR Aleph) 012477432 | ||
| 090 |
_a12111834 _c12111834 |
||
| 100 | _a20210317a20199999|||y0rusy50 ca | ||
| 101 | 0 | _arus | |
| 102 | _aRU | ||
| 110 | _aahuzz 0|y| | ||
| 181 | 0 |
_ai _baxxe |
|
| 182 | 0 | _an | |
| 200 | 1 |
_aБиблия и христианская древность _dBible and christian antiquity _eнаучный журнал по библеистике и истории христианской мысли _eнаучный журнал Московской духовной академии _zeng |
|
| 203 |
_aТекст _bвизуальный _cнепосредственный |
||
| 207 | 0 | _aТ. 1, № 1 (2019) - | |
| 210 |
_aСергиев Посад _cИзд-во Московской духовной академии _d2019 - |
||
| 510 | 1 |
_aBible and christian antiquity _zeng |
|
| 605 |
_aБиблия _jПериодические издания _xТолкование _92076441 _3RU\NLR\AUTH\661251586 |
||
| 686 | 2 | _aЭ37-200.2я54 | |
| 711 | 0 | 2 |
_aМосковская духовная академия _cСергиев Посад _3RU\NLR\AUTH\8810050509 _9601157 |
| 852 |
_aNLR _jП37/359 |
||
| 942 | _cJOURNAL | ||
| 980 | _aRUSPER | ||